| 000 | 00666nam a2200217 4500 | ||
|---|---|---|---|
| 003 | OSt | ||
| 005 | 20260530115312.0 | ||
| 008 | 260417b1974 sp a|||| |||| 00| 0 spa d | ||
| 020 | _a 8470312030 | ||
| 040 |
_aICI _bspa _cICI |
||
| 050 |
_aNA9030 _bC82 1978 |
||
| 100 | 1 |
_aCullen, Gordon, _d 1914 _932995 |
|
| 245 | 1 | 0 |
_aEl paisaje urbano : _bTratado de estetica urbanistica / _cGordon cullen ; traduccion de la 6a. edicion por José ma. aymami |
| 264 | 1 |
_bBlume, _c1974 _a Barcelona : |
|
| 300 | _a200 páginas | ||
| 336 |
_atexto _2rdacontent |
||
| 337 |
_asin medio _2rdamedia |
||
| 338 |
_avolumen _2rdacarrier |
||
| 650 |
_aUrbanismo _9788 |
||
| 942 |
_2lcc _cBK |
||
| 999 |
_c13416 _d13416 |
||